Missing Word: Jon Voight Quiz Stats

 Plays Quiz Updated Mar 20, 2016

Challenge
Share
Tweet
Embed
Score 0/20 Timer 02:00
0 Plays Today
Jon Voight Movie Missing Word % Correct
_______: ImpossibleMission
96.4%
Lara Croft: Tomb ______Raider
95.9%
______-22Catch
92.8%
The Manchurian _________Candidate
90.2%
Enemy of the _____State
86.4%
_____ HarborPearl
84.3%
________ TreasureNational
82.2%
____ ChristmasesFour
74.5%
Coming ____Home
73.6%
________ CowboyMidnight
72.3%
Jon Voight Movie Missing Word % Correct
Varsity _____Blues
67.1%
____ WantedMost
61.6%
The Odessa ____File
58.6%
Runaway _____Train
45.8%
Table for ____Five
33.3%
_____ and GloryPride
25.5%
_____ RoadGlory
17.6%
A ___ of FlandersDog
12.8%
September ____Dawn
3.7%
An American _____Carol
3.2%

Today's Daily Dose

Missing Word
TV HA - HZ

Word Ladder
Nordic Capital

On This Day
January 19th II

You're not logged in!

Compare scores with friends on all Sporcle quizzes.
OR
Log In

You Might Also Like...

Show Comments

Extras

Top Quizzes Today


Score Distribution

Your Account Isn't Verified!

In order to create a playlist on Sporcle, you need to verify the email address you used during registration. Go to your Sporcle Settings to finish the process.

Report this User

Report this user for behavior that violates our Community Guidelines.

Details: